000 00721nam a22002297a 4500
001 57797
005 20260510153352.0
008 260510s2024 bg |||||||| |||| 00| 0 eng d
040 _aBD-DhIUB
_cBD-DhIUB
_dBD-DhIUB
082 _222
_a348.5492046
_bD5331
245 _aThe Dhaka law reports:
_ba monthly law journal, Vol 76/
_cedited by Obaidul Huq Chowdhury, Md. Khurshid Alam Khan
250 _aVol.76, lxxvi
260 _aDhaka:
_bDhaka Law Reports,
_c2024
300 _a337p;.
_c26cm
526 _aSL
_blaw
_lLaw
541 _aRisaam
650 0 _aLaw
_zBangladesh.
_93916
651 4 _aBangladesh
_9374
700 _aChowdhury, Obaidul Huq
_93917
700 _aKhan, Md. Khurshid Alam
_97182
942 _2ddc
_cBK
999 _c57797
_d57971